000 00487nam a2200193 a 4500
001 1766310660435
003 YourLibrary
005 20251222104447.0
008 251221s1996##################000#0#eng##
020 _a9780198262503
082 0 4 _a262.983
_bBUR
100 1 _aBursell, Rupert,
_eauthor.
245 1 0 _aLiturgy, Order and the Law :
260 _bOUP Oxford,
_c1996.
300 _a378 pages
650 0 _aLaw.
942 _cENGLISH
040 _aYourLibrary
_beng
_cYourLibrary
999 _c603543
_d603543